000 00595nam a22001697a 4500
008 220705b |||||||| |||| 00| 0 eng d
020 _a1483306254
050 _aQ180.55
_b.C74 2015 c.1
245 _aCredible and Actionable Evidence:
_bThe Foundation for Rigorous and influential Evaluations/
_cEdited by Steward I. Donaldson, Christina A. Christie & Melvin M. Mark
250 _a2nd ed.
260 _aNew Delhi
_bSage
_c2015
300 _axviii, 333p.
650 _aResearch
_vevaluation
650 _aResearch
_vSocial aspects
650 _aSocial Sciences
_vMethodology
942 _2lcc
_cBK
999 _c19367
_d19366